000 00514cam a2200145 4500
001 J119375
008 020816n1911 000 0 eng u
035 _a(Sirsi) u119375
050 _a348.41047
110 _aIncoporated Council of Law Reporting for England and Wales
245 4 _aThe law reports under the superintendence of the Incorporated Council of Law Reporting for England and Wales. Ten years' digest 1901 to 1910...
260 _aLondon
_bICLR
_c1911
300 _adlxxvii,3045p.
_c24cm.
942 _n0
999 _c102300
_d102300